शूद्रक का म्रच्छकटिक : (Record no. 113628)

MARC details
000 -LEADER
fixed length control field 01259nam a22002657a 4500
005 - DATE AND TIME OF LATEST TRANSACTION
control field 20170124102956.0
010 ## - LIBRARY OF CONGRESS CONTROL NUMBER
LC control number B-009180
020 ## - INTERNATIONAL STANDARD BOOK NUMBER
Terms of availability 400.00
International Standard Book Number 8186120688
035 ## - SYSTEM CONTROL NUMBER
System control number B-009180
037 ## - SOURCE OF ACQUISITION
Source of stock number/acquisition Cen Lib/Ret
040 ## - CATALOGING SOURCE
Original cataloging agency DPL
Language of cataloging HN
082 ## - DEWEY DECIMAL CLASSIFICATION NUMBER
Classification number 811.08
Item number शर्मावि
100 ## - MAIN ENTRY--PERSONAL NAME
Personal name शर्मा, विश्वनाथ
9 (RLIN) 53114
245 ## - TITLE STATEMENT
Title शूद्रक का म्रच्छकटिक :
Statement of responsibility, etc विश्वनाथ शर्मा
Remainder of title एक आलोचनात्मक अध्ययन /
246 ## - VARYING FORM OF TITLE
Title proper/short title Shudrak ka mrachchhkatik : ek alochnatmak adhhyan /
Remainder of title by Vishvnath Sharma
260 ## - PUBLICATION, DISTRIBUTION, ETC. (IMPRINT)
Place of publication, distribution, etc जयपुर
Name of publisher, distributor, etc हंसा प्रकाशन
Date of publication, distribution, etc 1999
270 ## - ADDRESS
Address 57, नाटाणी भवन, चांदपोल बाज़ार
City जयपुर
Postal code 302003
300 ## - PHYSICAL DESCRIPTION
Extent 292पृ.
Dimensions 21सेमी (सजिल्द)
500 ## - GENERAL NOTE
General note सहायक ग्रन्थ सूची शामिल <br/>
650 ## - SUBJECT ADDED ENTRY--TOPICAL TERM
Topical term or geographic name as entry element हिंदी साहित्य
9 (RLIN) 53115
650 ## - SUBJECT ADDED ENTRY--TOPICAL TERM
Topical term or geographic name as entry element हिंदी साहित्य -- आलोचना
9 (RLIN) 42836
650 ## - SUBJECT ADDED ENTRY--TOPICAL TERM
Topical term or geographic name as entry element Hindi literature
9 (RLIN) 53116
650 ## - SUBJECT ADDED ENTRY--TOPICAL TERM
Topical term or geographic name as entry element Hindi literature -- Criticism
9 (RLIN) 53117
942 ## - ADDED ENTRY ELEMENTS (KOHA)
Source of classification or shelving scheme Dewey Decimal Classification
Koha item type Hindi Books
Classification part 811.08
Call number suffix शर्मावि
Holdings
Withdrawn status Lost status Damaged status Not for loan Home library Current library Date acquired Source of acquisition Cost, normal purchase price Total Checkouts Full call number Barcode Date last seen Copy number Cost, replacement price Price effective from Koha item type
        Central Library Central Library 13/08/2015 Cen Lib/Ret 400.00   811.08 शर्मावि B-009180 13/08/2015 1 400.00 13/08/2015 Hindi Books

© Delhi Public Library
Hit Counter
free hit counter